00863nam a2200217 a 4500008004100000020001500041041000800056100002300064245011300087250001200200260007500212300001400287500015600301653002700457653002800484653004000512653002600552653002700578700002100605700001900626120904s2010 us ||||f |||| 00| 0 eng d a9996058433 aeng1 aMandell, Gerald L. aMandell, Douglas and Bennett“s. Principles and practice of infectious diseases.bVol.1 /cGerald L. Mandell a7th ed. aPhiladelphia [Estados Unidos]:bElsevier-Churchill Livingstone;c2010. a1-1904 p. aMandell, G. L., Bennett, J. E. y Dolin, R. (2010). Principles and practice of infections diseases. T.1 (7th ed.). Philadelphia : Churchill Livingstone. aMicrobial pathogenesis aHost defense mechanisms aEpidemiology of infectious diseases aClinical microbiology aAnti-infective therapy1 aBennett, John E.1 aDolin, Raphael